000
00252nam a2200097Ia 4500
001
1215235
005
20250827024547.0
008
250824s9999 xx 000 0 und d
245
0
_a
YANKILI KAYALAR
_c
AHMET YILMAZ BOYUNAĞA
260
_b
GENÇ TİMAŞ YAY.
999
_c
1215235
_d
1215235